| 000 | 00658cam a22002293a 4500 | ||
|---|---|---|---|
| 001 | 16721 | ||
| 003 | PGUSA | ||
| 005 | 20140828083345.0 | ||
| 008 | 050919s2005||||xxu|||||s|||||000 1 eng d | ||
| 040 |
_aPGUSA _beng |
||
| 042 | _adc | ||
| 050 | 4 | _aPS | |
| 100 | 1 |
_aDoctorow, Cory, _d1971- |
|
| 245 | 1 | 2 |
_aA Place so Foreign _h[electronic resource] / _cCory Doctorow |
| 260 |
_bProject Gutenberg, _c2005 |
||
| 506 | _aCopyrighted. Read the copyright notice inside this book for details. | ||
| 516 | _aElectronic text | ||
| 653 | _aScience fiction | ||
| 830 | 0 |
_aProject Gutenberg _v16721 |
|
| 856 | 4 | 0 | _uhttp://www.gutenberg.org/ebooks/16721 |
| 942 | _cEB | ||
| 999 |
_c245976 _d245976 |
||